Montánna únia V labyrintoch bruselskej europolitiky

Bibliographic Details
Main Author: Borský, Daniel (Author)
Format: Article
Language:Slovak
PhysicalDescription:Obr. 1
Subjects:

MARC

LEADER 00000nab a2200000 a 4500
001 vtls000497025
003 SK-MaSNL
005 20260304035721.0
008 120927c1993 xo 0 slo
015 |a SNBRB19rr/mm-uuuuu 
035 |a CL0497163 
040 |a SNKBUCL  |b slo  |c SNKBUCL  |e AACR2 
041 0 |a slo 
044 |a xo  |c SK 
080 |a 339.922(4)(091)  |2 1981 
080 |a 339.923(4)(091)  |2 1981 
100 1 |a Borský, Daniel  |4 aut  |9 305920 
245 1 0 |a Montánna únia  |b V labyrintoch bruselskej europolitiky  |c Daniel Borský 
300 |b Obr. 1 
500 |a Začiatok 
610 2 7 |a Európske spoločenstvo uhlia a ocele  |2 snkbucl  |9 252485 
650 0 7 |a integrácia ekonomická medzinárodná  |2 snkbucl  |9 845639 
650 0 7 |a hospodárska politika  |2 snkbucl  |9 2279 
651 7 |a Európa  |2 snkbucl  |9 167569 
655 7 |a články z novín a časopisov  |2 snkbucl  |9 267496 
773 0 |t Slobodný piatok  |g Roč. 4, č. 33 (1993), s. 6 
850 |a Slovenská národná knižnica v Martine  |a MTA001 
852 |a SNK  |b KIS3GCP 
958 |a RK 
992 |a RBX 
999 |c 2659487  |d 2661417